| 000 | 00594nam a22001937a 4500 | ||
|---|---|---|---|
| 003 | OSt | ||
| 005 | 20140310183045.0 | ||
| 008 | 130227t xxu||||| |||| 00| 0 eng d | ||
| 020 | _a9710861638 | ||
| 050 |
_aKF 5625.51.N3 _b.P26 2001 |
||
| 100 | _aPasimio, Renato R. | ||
| 245 |
_aThe negotiable instruments law : _cRenato R. Pasimio. _bwith warehouse receipts law and law on documents of title / |
||
| 260 |
_aMandaluyong City : _bNational Book Store, _c2001. |
||
| 300 |
_a315 p. : _c21 cm. |
||
| 521 | _aBSBA | ||
| 650 | _aNegotiable instruments | ||
| 942 |
_2lcc _cBK _kLOC |
||
| 999 |
_c18580 _d18580 |
||